000 00555nam a2200181 i 4500
001 30966
003 ES-MaACL
005 20251213063015.0
007 t|
008 030128s1920 xxk ||||1| eng d
100 1 _aBelloc, Hilaire,
_d1870-1953
_927250
245 1 4 _aThe House of Commons and monarchy /
_cby Hilaire Belloc.
260 _aLondon :
_bGeorge Allen and Umvin,
_c[1920]
300 _a188 p. ;
_c18 cm.
610 1 4 _aGran BretaƱa.
_bParliament.
_bHouse of Commons.
_9134418
852 _aES-MaACL
_jC-2253
999 _c30966
_d30966